000 00272nam a22001097a 4500
008 240711b |||||||| |||| 00| 0 eng d
100 _aSunder, Kashmatrai
_916881
245 _aMohasham Mukharyon
260 _aBombay:
_bBharat Jivan;
_c1968.
300 _a100p.
942 _cBK
999 _c40021
_d40021